000 00377nam a2200145Ia 4500
008 230917s9999||||xx |||||||||||||| ||und||
040 _e21052
_aMAIN
041 _aEnglish
082 _a514 M636S
100 _aMilnor, John
245 0 _aSingular points of complex hypersurfaces
260 _aNew Jersey
_bPrinceton University Press
_c1974
300 _a122 p.
942 _cBK
999 _c200043
_d200043